000 00930cad a22002415a 4500
001 E151493
008 101109s2008 xxk f 100 0 eng d
020 _a9781842194348
035 _a(Sirsi) u151493
041 0 _aeng
100 1 _aMcLernon, Tim
111 2 _aConstruction and Building Research Conference
_cDublin Institute of Technology, Dublin
_d4-5 September 2008
245 0 0 _aWhat is the point of assessing built environment law?
_h[electronic resource]
260 _aLondon
_bRICS
_c2008
520 _aA paper presented at the COBRA Conference 2008 in Dublin.
590 _aKA
650 2 4 _aCONSTRUCTION AND BUILDING RESEARCH CONFERENCE (COBRA)
651 4 _aUnited Kingdom
_y
690 _aBUILT ENVIRONMENT
690 _aCAREERS, EDUCATION AND TRAINING
856 4 0 _uhttps://www.rics.org/site/scripts/download_info.aspx?fileID=3443&categoryID=525
_zView the item free of charge at www.rics.org
942 _n0
999 _c111409
_d111409